Opere poetiche di Dante Alighieri : (Record no. 22286)
[ view plain ]
| 000 -LEADER | |
|---|---|
| campo de control de longitud fija | 00898nam a2200205 i 4500 |
| 001 - NÚMERO DE CONTROL | |
| campo de control | 22286 |
| 003 - IDENTIFICADOR DE NÚMERO DE CONTROL | |
| campo de control | ES-MaACL |
| 005 - FECHA Y HORA DE LA ÚLTIMA TRANSACCIÓN | |
| campo de control | 20240127062956.0 |
| 007 - CAMPO FIJO DE DESCRIPCIÓN FÍSICA--INFORMACIÓN GENERAL | |
| campo de control de longitud fija | t| |
| 008 - DATOS DE LONGITUD FIJA--INFORMACIÓN GENERAL | |
| campo de control de longitud fija | 021202s1836 fr ||||1| ita d |
| 100 0# - ENTRADA PRINCIPAL--NOMBRE DE PERSONA | |
| Nombre de persona | Dante Alighieri, |
| Fechas asociadas al nombre | 1265-1321 |
| 9 (RLIN) | 42657 |
| 245 10 - MENCIÓN DEL TÍTULO | |
| Título | Opere poetiche di Dante Alighieri : |
| Resto del título | con note di diversi. |
| 260 ## - PUBLICACIÓN, DISTRIBUCIÓN, ETC. | |
| Lugar de publicación, distribución, etc. | Parigi : |
| Nombre del editor, distribuidor, etc. | Baudry, |
| Fecha de publicación, distribución, etc. | 1836 ( |
| Fabricante | Casimir) |
| 300 ## - DESCRIPCIÓN FÍSICA | |
| Extensión | 2 v. : |
| Otras características físicas | 1 retr. ; |
| Dimensiones | 20 cm. |
| 490 1# - MENCIÓN DE SERIE | |
| Mención de serie | Collezione de migliori autori italiani antichi e moderni ; |
| Designación de volumen o secuencia | 4-5 |
| 505 8# - NOTA DE CONTENIDO CON FORMATO | |
| Nota de contenido con formato | Contiene: I. La vita di Dante, scritta da G. Tiraboschi . Le poesie lyriche di Dante: Rime della vita nuova ; Rime del convito ; Rime diverse ; La divina commedia: Inferno - II. La divina commedia: Purgatorio ; Paradiso |
| 830 1# - PUNTO DE ACCESO ADICIONAL DE SERIE-TÍTULO UNIFORME | |
| Título uniforme | Collezione de' miglori autori italiani antichi e moderni |
| Designación de volumen o secuencia | 4-5 |
| 9 (RLIN) | 221518 |
| 852 ## - LOCALIZACIÓN | |
| Ubicación | ES-MaACL |
| Número de control de estantería | G-9140-41 |
| Estatus retirado | Estado de pérdida | Estado de daño | No para préstamo | Colección | Biblioteca de origen | Biblioteca actual | Ubicación en estantería | Fecha de adquisición | Fuente de adquisición | Total de préstamos | Signatura topográfica completa | Código de barras | Visto por última vez | Precio de reemplazo | Tipo de ítem Koha |
|---|---|---|---|---|---|---|---|---|---|---|---|---|---|---|---|
| Libros del s. XIX | Biblioteca del Ateneo de Madrid | Biblioteca del Ateneo de Madrid | Sala Pecera Planta 3 | 17/01/2008 | G-9140-41 | 1022939 | 23/02/2023 | 23/02/2023 | Libro impreso antiguo |
